Fólie pod lupou. 1

Technológie a produkty signmakingu - výroby reklamných písmen a znakov. Výhody samolepiacich fólií. Fólie pre sieťotlač. Plotrové fólie. Krátkodobé, strednodobé a dlhodobé fólie.

Salvato in:
Dettagli Bibliografici
Natura: Capitolo di libro
Lingua:slovacco
Soggetti:
Tags: Aggiungi Tag
Nessun Tag, puoi essere il primo ad aggiungerne!!

MARC

LEADER 00000naa a2200000 4500
001 r019830
005 20221213100657.7
041 0 |a slo 
044 |a SK 
245 1 0 |a Fólie pod lupou. 1 
520 |a Technológie a produkty signmakingu - výroby reklamných písmen a znakov. Výhody samolepiacich fólií. Fólie pre sieťotlač. Plotrové fólie. Krátkodobé, strednodobé a dlhodobé fólie. 
610 2 0 |a tovaroznalectvo 
610 2 0 |a signmaking 
610 2 0 |a reklama 
610 2 0 |a písmo